Selected philosophical works (Record no. 35639)

MARC details
000 -LEADER
fixed length control field 00282nam a2200109 4500
082 ## - DEWEY DECIMAL CLASSIFICATION NUMBER
Classification number 335.401
Item number PLE
100 ## - MAIN ENTRY--PERSONAL NAME
Personal name Plekhanov, Georgi
245 ## - TITLE STATEMENT
Title Selected philosophical works
Statement of responsibility, etc. Georgi Plekhanov
260 ## - PUBLICATION, DISTRIBUTION, ETC.
Place of publication, distribution, etc. 2nd ed.
Name of publisher, distributor, etc. Moscow
Date of publication, distribution, etc. Progress Publishers
300 ## - PHYSICAL DESCRIPTION
Extent 1974
490 ## - SERIES STATEMENT
Series statement v.; 22cm.
Holdings
Withdrawn status Lost status Damaged status Not for loan Collection code Home library Current library Date acquired Total Checkouts Full call number Barcode Date last seen Copy number Price effective from Koha item type
        Gifts North Eastern Hill University North Eastern Hill University 24/11/2011   335.401 PLE 57758 24/11/2011 .1 24/11/2011 Books